Daily Capital City Riddle #45 - Statistics

General Stats
  • This quiz has been taken 64 times
  • The average score is 26 of 34
Answer Stats
Type Answer % Correct
Found Letter I
100%
Alphabet Letter N
100%
Alphabet Letter A
98%
Alphabet Letter L
98%
Alphabet Letter O
98%
Alphabet Letter E
96%
Alphabet Letter G
96%
Alphabet Letter R
96%
Found Letter T
96%
Alphabet Letter S
94%
Alphabet Letter D
92%
Found Letter M
92%
Alphabet Letter B
90%
Alphabet Letter C
90%
Found Letter H
88%
Alphabet Letter W
87%
Found Letter P
85%
Found Letter U
83%
Alphabet Letter K
81%
Alphabet Letter V
75%
Alphabet Letter Y
75%
Correctly Placed Letter I
73%
Alphabet Letter J
71%
Alphabet Letter X
69%
Alphabet Letter F
60%
Alphabet Letter Z
58%
Correctly Placed Letter T
54%
Correctly Placed Letter H
50%
Alphabet Letter Q
50%
Correctly Placed Letter U
50%
Correctly Placed Letter P
46%
Correctly Placed Letter H
44%
Correctly Placed Letter M
42%
Mystery Capital Thimphu
42%
No matching quizzes found
Score Distribution
Percent of People with Each Score
Percentile by Number Answered
Your Score History
You have not taken this quiz